000 00533nam a2200193Ia 4500
003 GCL
008 140319s9999 xx 000 0 eng d
040 _aGCL /
_cGCL
082 0 4 _a428
_bP W
100 1 _aPALMER , RICHARD
_vProducer
_@
…نتج
245 1 0 _aWRITE IN STYLE: A GUIDE TO GOOD ENGLSH /
_cPALMER , RICHARD
260 _a[S.N] :
_bCHAPMAN & HALL ،
_c1993
300 _a364 P
650 0 4 _aGRAMMAR
650 0 4 _aENGLISH LANGUAGE
650 0 4 _aPUBLIC ADMINISTRATION
650 0 4 _aLANGUAGES
942 _2ddc
_cBK
999 _c17166
_d17166